[Event "Schneider Bohemia op-A"]
[Site "Plzen"]
[Date "2000.??.??"]
[Round "?"]
[White "Gross, Georg"]
[Black "Ptacek, Miroslav"]
[Result "1-0"]
[WhiteElo "2350"]
[BlackElo "2035"]
[PlyCount "73"]
[EventDate "2000.??.??"]
[EventType "swiss"]
[EventRounds "9"]
[EventCountry "CZE"]
[SourceTitle "EXT 2003"]
[Source "ChessBase"]
[SourceDate "2002.11.25"]
[SourceVersion "1"]
[SourceVersionDate "2002.11.25"]
[SourceQuality "1"]

1. d4 d5 2. Nf3 Nf6 3. c4 e6 4. g3 Be7 5. Bg2 Nbd7 6. 0-0 0-0 7. Nc3 c6 8. Qd3 Re8 9. e4 dxe4 10. Nxe4 Nxe4 11. Qxe4 Bf6 12. Rd1 Qe7 13. Ne5 g6 14. Be3 Bg7 15. h4 Nf6 16. Qc2 Nd7 17. Bf4 Nxe5 18. Bxe5 h5 19. Bxg7 Kxg7 20. Qc3 Kg8 21. b4 Bd7 22. a4 Qf6 23. Rab1 Rad8 24. Qe3 Bc8 25. Qe5 Qg7 26. Qc5 a6 27. b5 cxb5 28. axb5 axb5 29. Rxb5 Rd7 30. Ra5 e5 31. Re1 Rde7 32. Rxe5 b6 33. Rxe7 bxc5 34. Rxe8+ Kh7 35. Rxc8 Qxd4 36. Bd5 Qd2 37. Ra7 1-0

[Event "Schneider Bohemia op-A"]
[Site "Plzen"]
[Date "2000.??.??"]
[Round "?"]
[White "Ptacek, Miroslav"]
[Black "Pliva, Vojtech"]
[Result "1/2-1/2"]
[WhiteElo "2035"]
[BlackElo "2170"]
[PlyCount "20"]
[EventDate "2000.??.??"]
[EventType "swiss"]
[EventRounds "9"]
[EventCountry "CZE"]
[SourceTitle "EXT 2003"]
[Source "ChessBase"]
[SourceDate "2002.11.25"]
[SourceVersion "1"]
[SourceVersionDate "2002.11.25"]
[SourceQuality "1"]

1. c4 Nf6 2. Nc3 g6 3. g3 Bg7 4. Bg2 c6 5. d4 0-0 6. Nf3 d5 7. cxd5 cxd5 8. 0-0 Nc6 9. Bf4 Bf5 10. Rc1 h6 1/2-1/2

[Event "Dunajska Streda op"]
[Site "Dunajska Streda"]
[Date "1999.06.14"]
[Round "4"]
[White "Hrcka, Pavol"]
[Black "Ptacek, Miroslav"]
[Result "1/2-1/2"]
[WhiteElo "1766"]
[BlackElo "2105"]
[PlyCount "80"]
[EventDate "1999.06.12"]
[EventType "swiss"]
[EventRounds "9"]
[EventCountry "SVK"]
[SourceTitle "EXT 2006"]
[Source "ChessBase"]
[SourceDate "2005.11.24"]
[SourceVersion "1"]
[SourceVersionDate "2005.11.24"]
[SourceQuality "1"]

1. e4 c5 2. Nf3 d6 3. d4 cxd4 4. Nxd4 Nf6 5. Nc3 g6 6. f4 Bg7 7. e5 dxe5 8. fxe5 Ng4 9. Bb5+ Nc6 10. 0-0 0-0 11. Nxc6 Qb6+ 12. Qd4 bxc6 13. Qxb6 axb6 14. Bxc6 Ra5 15. Nd5 Ba6 16. Nxe7+ Kh8 17. Rf4 Rxe5 18. Rxg4 Rxe7 19. Bg5 Re5 20. Bf4 Re6 21. Bd5 Re2 22. Bc7 b5 23. Re4 Rxc2 24. Bb6 Rd2 25. Bc6 Bxb2 26. Rae1 Kg7 27. Re8 Rxe8 28. Bxe8 Bb7 29. Bxb5 Rxg2+ 30. Kf1 Bf6 31. Re2 Rg4 32. a4 h5 33. Rd2 Bh4 34. Be3 Bf3 35. Bd4+ Kh7 36. Bd7 Re4 37. Bf2 Bg5 38. Rd4 Re5 39. h4 Bh6 40. Bb5 Rc5 1/2-1/2

[Event "Dunajska Streda op"]
[Site "Dunajska Streda"]
[Date "1999.06.13"]
[Round "3"]
[White "Ptacek, Miroslav"]
[Black "Skarba, Stanislav"]
[Result "1/2-1/2"]
[WhiteElo "2105"]
[BlackElo "1859"]
[PlyCount "100"]
[EventDate "1999.06.12"]
[EventType "swiss"]
[EventRounds "9"]
[EventCountry "SVK"]
[SourceTitle "EXT 2006"]
[Source "ChessBase"]
[SourceDate "2005.11.24"]
[SourceVersion "1"]
[SourceVersionDate "2005.11.24"]
[SourceQuality "1"]

1. c4 c5 2. Nc3 Nf6 3. g3 e6 4. e4 Nc6 5. d3 h6 6. Bg2 d6 7. Nge2 Be7 8. 0-0 Bd7 9. f4 a6 10. Kh1 Qc7 11. Be3 g6 12. Qd2 Ng4 13. Bg1 h5 14. h3 Nh6 15. d4 f6 16. dxc5 dxc5 17. Rad1 0-0-0 18. Qc2 Na5 19. b3 Nc6 20. a3 Rdf8 21. Rd2 Rhg8 22. Rfd1 Rd8 23. Rd3 f5 24. e5 Nb8 25. Qb2 g5 26. Na4 b6 27. Rd6 Bc6 28. Rxd8+ Rxd8 29. Rxd8+ Qxd8 30. Qc2 Bxg2+ 31. Kxg2 Nd7 32. Be3 h4 33. Qd2 g4 34. gxh4 gxh3+ 35. Kh1 Qg8 36. Ng1 Qg3 37. Qf2 Bxh4 38. Qxg3 Bxg3 39. Nxh3 Ng4 40. Bd2 Bh4 41. Kg2 Kb7 42. Kf3 Nb8 43. b4 cxb4 44. axb4 Nc6 45. Bc3 Be7 46. b5 axb5 47. cxb5 Na7 48. Bd4 Nxb5 49. Bxb6 Kc6 50. Bg1 Nc7 1/2-1/2

[Event "CZE-ch qual 3rd"]
[Site "Czech Republic"]
[Date "1996.??.??"]
[Round "3"]
[White "Stankova, Zuzana"]
[Black "Ptacek, Miroslav"]
[Result "0-1"]
[WhiteElo "2130"]
[BlackElo "2085"]
[PlyCount "100"]
[EventDate "1996.??.??"]
[EventType "swiss"]
[EventRounds "9"]
[EventCountry "CZE"]
[SourceTitle "EXT 2001"]
[Source "ChessBase"]
[SourceDate "2000.11.22"]
[SourceVersion "1"]
[SourceVersionDate "2000.11.22"]
[SourceQuality "1"]

1. e4 c5 2. Nf3 d6 3. d4 cxd4 4. Nxd4 Nf6 5. Nc3 e6 6. g4 h6 7. Be3 a6 8. Be2 Nc6 9. Rg1 Nxd4 10. Bxd4 b5 11. f3 Bd7 12. Bd3 Bc6 13. Qd2 d5 14. 0-0-0 b4 15. Ne2 Qc7 16. g5 hxg5 17. Rxg5 Nd7 18. Bxg7 Bxg7 19. Rxg7 Ne5 20. Nd4 Qb6 21. Nxc6 Nxd3+ 22. Qxd3 Qxc6 23. exd5 Qxd5 24. Qxd5 exd5 25. Rxd5 Ke7 26. Rg2 Rh3 27. Rf2 a5 28. b3 Ke6 29. Rb5 f5 30. Kd2 f4 31. Kd3 Rh4 32. Ke4 Kd6 33. Rg5 Re8+ 34. Kd4 Ra8 35. Rg6+ Ke7 36. Rg4 Rh6 37. Re2+ Kd6 38. Rxf4 Rah8 39. Rf5 Rh4+ 40. Kd3 Rc8 41. Rf2 Ra8 42. Rg5 Rh3 43. Rg4 Rh7 44. Rc4 Re7 45. a4 Re5 46. Rg2 Re1 47. Rg5 Rae8 48. Rd4+ Kc6 49. Re4 Rd8+ 50. Rd4 Rd1+ 0-1